[Event "SK Schwandorf 1-SK Tarrasch Muenchen 1"]
[Site "?"]
[Date "2024.04.14"]
[Round "8.4"]
[White "Schmidt, Oliver"]
[Black "Reinhard, Simon"]
[Result "0-1"]
[WhiteElo "2020"]
[BlackElo "2102"]
[PlyCount "86"]
[EventDate "2024.??.??"]
[WhiteTeam "SK Schwandorf 1"]
[BlackTeam "SK Tarrasch München 1"]

1. d4 Nf6 2. c4 g6 3. Nc3 Bg7 4. e4 d6 5. Nf3 O-O 6. Be2 e5 7. Be3 Ng4 8. Bg5 f6 9. Bc1 Nc6 10. O-O f5 11. dxe5 Ngxe5 12. exf5 Bxf5 13. Qd5+ Kh8 14. Nxe5 Bxe5 15. Be3 Qh4 16. g3 Qf6 17. Rad1 Rae8 18. Qd2 Bh3 19. Rfe1 Qf5 20. f4 Bg7 21. Bf2 Ne5 22. Be3 Ng4 23. Bd4 Nf6 24. Bd3 Qd7 25. Ne4 Ng4 26. Bf1 Bxf1 27. Kxf1 Ne5 28. Qc3 Qh3+ 29. Kg1 c5 30. Bxe5 dxe5 31. Ng5 Qf5 32. Rd5 Qc8 33. fxe5 Qf5 34. Qe3 h6 35. Ne4 Rxe5 36. Qxc5 Rxe4 37. Rxf5 Rxe1+ 38. Kg2 Rxf5 39. Qc8+ Rf8 40. Qxb7 Re2+ 41. Kh3 Rff2 42. Qxa7 h5 43. Kh4 Bf6+ 0-1

[Event "SK Schwandorf 1-SK Tarrasch Muenchen 1"]
[Site "?"]
[Date "2024.04.14"]
[Round "8.5"]
[White "Bolduan, Sebastian"]
[Black "Muehling, Werner"]
[Result "1-0"]
[WhiteElo "2156"]
[BlackElo "2015"]
[PlyCount "77"]
[EventDate "2024.??.??"]
[WhiteTeam "SK Tarrasch München 1"]
[BlackTeam "SK Schwandorf 1"]

1. d4 Nf6 2. Nc3 d5 3. Bf4 Bf5 4. e3 c6 5. Nf3 Nbd7 6. Ne5 Nxe5 7. Bxe5 Nd7 8. g4 Nxe5 9. gxf5 Nd7 10. Qf3 Nf6 11. O-O-O Qa5 12. Kb1 g6 13. Qh3 Bg7 14. f3 b5 15. Bd3 Rd8 16. Rhg1 b4 17. Ne2 c5 18. dxc5 Qxc5 19. Nd4 Nh5 20. Qg4 Qd6 21. Bb5+ Kf8 22. Rg2 a5 23. Nc6 Ra8 24. Rgd2 Nf6 25. Qh3 a4 26. e4 Qc5 27. Qf1 Bh6 28. Rd4 dxe4 29. fxe4 Rc8 30. Qc4 Qxc4 31. Rxc4 Ne8 32. Rxb4 Nd6 33. Bxa4 gxf5 34. exf5 Nxf5 35. Rg1 Bg7 36. Rb7 h5 37. c3 Rh6 38. Nb4 Re6 39. Bd7 1-0

[Event "SK Schwandorf 1-SK Tarrasch Muenchen 1"]
[Site "?"]
[Date "2024.04.14"]
[Round "8.6"]
[White "Lautner, Juergen"]
[Black "Koester, Roman"]
[Result "1/2-1/2"]
[WhiteElo "1996"]
[BlackElo "2045"]
[PlyCount "148"]
[EventDate "2024.??.??"]
[WhiteTeam "SK Schwandorf 1"]
[BlackTeam "SK Tarrasch München 1"]

1. c4 Nf6 2. g3 d6 3. Bg2 g6 4. Nc3 Bg7 5. e4 e5 6. Nge2 Nc6 7. O-O O-O 8. d3 a6 9. h3 Nd4 10. Nxd4 exd4 11. Ne2 c5 12. Rb1 Bd7 13. b4 Bc6 14. a4 Ne8 15. b5 axb5 16. axb5 Bd7 17. f4 Qc8 18. g4 Ra2 19. f5 Qd8 20. Bf4 Be5 21. Bh6 Bg7 22. Bxg7 Kxg7 23. Ra1 Rxa1 24. Qxa1 Qg5 25. Qc1 Qd8 26. Nf4 f6 27. Qa3 Qb8 28. b6 g5 29. Nd5 Bc6 30. Ne7 Bd7 31. Ra1 Kf7 32. Nd5 Bc6 33. Qa8 Ng7 34. Qxb8 Rxb8 35. Nc7 Ne8 36. Nd5 Bxd5 37. exd5 Ng7 38. Bf3 h6 39. Ra7 Ke7 40. Bd1 Kd8 41. Kf2 h5 42. Ba4 h4 43. Bb5 Kc8 44. Kf3 Kd8 45. Ke4 Kc8 46. Bc6 bxc6 47. Rxg7 Rxb6 48. dxc6 Rxc6 49. Kd5 Ra6 50. Rf7 Ra3 51. Rxf6 Rxd3 52. Kc6 Kb8 53. Rxd6 Rxh3 54. Kxc5 d3 55. Kb6 Kc8 56. c5 Re3 57. Rc6+ Kd7 58. Rg6 Re4 59. c6+ Ke7 60. c7 Rb4+ 61. Kc5 Rb1 62. Rc6 Rc1+ 63. Kb6 Rb1+ 64. Kc5 Rc1+ 65. Kb6 Rb1+ 66. Ka7 Ra1+ 67. Kb7 Rb1+ 68. Rb6 Rxb6+ 69. Kxb6 d2 70. c8=Q d1=Q 71. Qe6+ Kd8 72. Qg8+ Kd7 73. Qf7+ Kd8 74. Qf6+ Kd7 1/2-1/2

[Event "SK Schwandorf 1-SK Tarrasch Muenchen 1"]
[Site "?"]
[Date "2024.04.14"]
[Round "8.7"]
[White "Lipinsky, Markus"]
[Black "Steger, Eric"]
[Result "1/2-1/2"]
[WhiteElo "1988"]
[BlackElo "1967"]
[PlyCount "42"]
[EventDate "2024.??.??"]
[WhiteTeam "SK Tarrasch München 1"]
[BlackTeam "SK Schwandorf 1"]

1. d4 Nf6 2. c4 e6 3. Nc3 d5 4. cxd5 exd5 5. Bg5 Be7 6. e3 c6 7. Bd3 O-O 8. Qc2 h6 9. Bh4 Re8 10. f3 Nh5 11. Bf2 Bg5 12. g4 Nf4 13. Bh7+ Kh8 14. Kf1 Ne6 15. h4 Be7 16. g5 h5 17. Bd3 g6 18. Nge2 Nd7 19. f4 Ng7 20. Ng3 Bd6 21. Re1 Nf8 1/2-1/2

[Event "SK Schwandorf 1-SK Tarrasch Muenchen 1"]
[Site "?"]
[Date "2024.04.14"]
[Round "8.8"]
[White "Paar, Johannes"]
[Black "Steinheimer, Juergen"]
[Result "1/2-1/2"]
[WhiteElo "1947"]
[BlackElo "2042"]
[PlyCount "109"]
[EventDate "2024.??.??"]
[WhiteTeam "SK Schwandorf 1"]
[BlackTeam "SK Tarrasch München 1"]

1. d4 Nf6 2. c4 e6 3. Nf3 d5 4. Nc3 Bb4 5. Qa4+ Nc6 6. cxd5 exd5 7. Bg5 h6 8. Bxf6 Qxf6 9. e3 O-O 10. Bb5 Bg4 11. Nd2 Bxc3 12. bxc3 Qg6 13. f3 Bf5 14. O-O Bc2 15. Qa3 a6 16. Bxc6 Qxc6 17. Rfe1 Rfe8 18. Rac1 Bd3 19. Nb3 b6 20. Nd2 Re6 21. e4 dxe4 22. c4 Qd6 23. Qc3 Rae8 24. c5 Qd5 25. cxb6 cxb6 26. fxe4 Bxe4 27. Nxe4 Rxe4 28. Rxe4 Qxe4 29. Rd1 Qe3+ 30. Qxe3 Rxe3 31. Rc1 Kf8 32. Rb1 Ra3 33. Rxb6 Rxa2 34. Rb7 a5 35. Ra7 a4 36. d5 a3 37. d6 Ke8 38. h4 Ra1+ 39. Kh2 a2 40. Kg3 f5 41. h5 Kd8 42. Kh2 f4 43. Ra5 Kd7 44. Ra6 Ke6 45. Ra7 Kxd6 46. Ra8 Ke6 47. Ra7 Kf5 48. Rf7+ Kg5 49. Rxg7+ Kxh5 50. Ra7 Kg4 51. Ra4 h5 52. g3 Kg5 53. gxf4+ Kf5 54. Ra8 Kxf4 55. Rf8+ 1/2-1/2

[Event "SC 1868 Bamberg 1-SG PS Regensburg 1"]
[Site "?"]
[Date "2024.04.14"]
[Round "8.1"]
[White "Schmid, Roland"]
[Black "Kolb, Tobias"]
[Result "1-0"]
[WhiteElo "2209"]
[BlackElo "2329"]
[PlyCount "111"]
[EventDate "2024.??.??"]
[WhiteTeam "SG PS Regensburg 1"]
[BlackTeam "SC 1868 Bamberg 1"]

1. c4 e6 2. Nf3 d5 3. g3 Nf6 4. Bg2 d4 5. O-O c5 6. e3 Nc6 7. exd4 cxd4 8. d3 h6 9. Re1 Bd6 10. b3 O-O 11. Ba3 Re8 12. Bxd6 Qxd6 13. a3 a5 14. Qc2 e5 15. Nbd2 Bf5 16. Nh4 Bh7 17. c5 Qf8 18. Rab1 Rac8 19. b4 axb4 20. axb4 b5 21. Be4 Nxe4 22. Nxe4 Bxe4 23. dxe4 g6 24. Qd3 Rb8 25. Re2 Qe7 26. Nf3 Qb7 27. Ra2 Ra8 28. Qb3 Rxa2 29. Qxa2 Ra8 30. Qd5 Rd8 31. Qb3 Qa6 32. Kg2 Ra8 33. Qd5 Rd8 34. Qb3 Kg7 35. Rb2 Ra8 36. Qd5 Rd8 37. Qb3 Ra8 38. Qd5 Rd8 39. Qb3 Qb7 40. Ra2 f5 41. Qb1 d3 42. Qa1 Kg8 43. Nd2 fxe4 44. Ra6 e3 45. Rb6 Ra8 46. Qb1 Qd7 47. fxe3 Kh7 48. Kg1 Qd5 49. Qf1 Ra7 50. Qf6 Rc7 51. Qd6 Qf7 52. Rxc6 Ra7 53. Qxe5 Qa2 54. Rc7+ Rxc7 55. Qxc7+ Kg8 56. Qd8+ 1-0

[Event "SC 1868 Bamberg 1-SG PS Regensburg 1"]
[Site "?"]
[Date "2024.04.14"]
[Round "8.2"]
[White "Burdalev, Kirill"]
[Black "Loos, Roland"]
[Result "1-0"]
[WhiteElo "2386"]
[BlackElo "2234"]
[PlyCount "143"]
[EventDate "2024.??.??"]
[WhiteTeam "SC 1868 Bamberg 1"]
[BlackTeam "SG PS Regensburg 1"]

1. d4 Nf6 2. c4 e6 3. Nf3 d5 4. Nc3 Be7 5. Bf4 O-O 6. e3 c5 7. dxc5 Bxc5 8. Qc2 Nc6 9. Rd1 Qa5 10. a3 Be7 11. Be2 Ne4 12. cxd5 Nxc3 13. bxc3 exd5 14. O-O Be6 15. a4 Rac8 16. Qb2 b6 17. Bb5 Bf6 18. Nd4 Nxd4 19. cxd4 a6 20. Bd3 Be7 21. Rc1 Qxa4 22. Ra1 Qb4 23. Qxb4 Bxb4 24. Bxa6 Rc3 25. Rfb1 Ba5 26. h3 Bc8 27. Be2 Bf5 28. Rb5 Be6 29. Bd6 Rfc8 30. Bf3 Rd8 31. Be7 Re8 32. Bh4 Bd7 33. Rxd5 Bc6 34. Rd6 Bxf3 35. gxf3 f6 36. Rd7 Rec8 37. Kg2 R8c7 38. Rxc7 Rxc7 39. Rb1 Kf7 40. Bg3 Rc2 41. Rb5 Ke6 42. e4 Kd7 43. d5 Kc8 44. Bf4 Kb7 45. Be3 Rc4 46. Kf1 Ka6 47. d6 Kb7 48. d7 Kc7 49. Bxb6+ Bxb6 50. Rxb6 Rd4 51. Ra6 Kb7 52. Ra2 Rxd7 53. Ke2 Re7 54. Rc2 Re5 55. Rc3 Kb6 56. Kf1 f5 57. Re3 Rc5 58. Ke2 Kc6 59. Kd2 Ra5 60. Rc3+ Kd6 61. Rd3+ Ke5 62. Ke3 f4+ 63. Ke2 Ke6 64. Kf1 g5 65. Rb3 Ra1+ 66. Kg2 h5 67. Rb5 Kf6 68. h4 gxh4 69. Rxh5 h3+ 70. Kxh3 Rf1 71. Rf5+ Kg6 72. Kg2 1-0

[Event "SC 1868 Bamberg 1-SG PS Regensburg 1"]
[Site "?"]
[Date "2024.04.14"]
[Round "8.3"]
[White "Pohl-Kuemmel, Jens-Uwe"]
[Black "Pribyl, Josef"]
[Result "1/2-1/2"]
[WhiteElo "2222"]
[BlackElo "2206"]
[PlyCount "103"]
[EventDate "2024.??.??"]
[WhiteTeam "SG PS Regensburg 1"]
[BlackTeam "SC 1868 Bamberg 1"]

1. Nf3 c5 2. c4 Nc6 3. d4 cxd4 4. Nxd4 g6 5. e4 Bg7 6. Be3 Nf6 7. Nc3 Ng4 8. Qxg4 Nxd4 9. Qd1 Nc6 10. Qd2 d6 11. Be2 O-O 12. O-O Be6 13. Rac1 Qa5 14. Rfd1 Rfc8 15. b3 Rab8 16. Nd5 Qxd2 17. Rxd2 b6 18. f4 f5 19. Bf3 Kf7 20. exf5 gxf5 21. Bh5+ Kf8 22. Bf3 Kf7 23. h3 Bd7 24. Nc3 Na5 25. Ne2 a6 26. Kf2 Rc7 27. g4 Nc6 28. g5 Bf8 29. Rcd1 Nd8 30. h4 e6 31. Bd4 Bc6 32. Bf6 Bxf3 33. Kxf3 Nb7 34. Ng3 b5 35. cxb5 axb5 36. Re2 Nc5 37. Bd4 b4 38. Rc2 Ra8 39. h5 Be7 40. Nf1 Rca7 41. Bxc5 dxc5 42. Rdd2 e5 43. Ne3 e4+ 44. Ke2 Ke6 45. Nc4 Rd8 46. Rxd8 Bxd8 47. Rd2 Bc7 48. Ke3 Ra8 49. Rg2 Rg8 50. Nb2 Bb6 51. Nc4 Bc7 52. Nb2 1/2-1/2

[Event "SC 1868 Bamberg 1-SG PS Regensburg 1"]
[Site "?"]
[Date "2024.04.14"]
[Round "8.4"]
[White "Hofmann, Lorenz"]
[Black "Quast, Michael"]
[Result "1/2-1/2"]
[WhiteElo "2138"]
[BlackElo "2211"]
[PlyCount "120"]
[EventDate "2024.??.??"]
[WhiteTeam "SC 1868 Bamberg 1"]
[BlackTeam "SG PS Regensburg 1"]

1. d4 d6 2. e4 Nf6 3. Nc3 Nbd7 4. f4 e5 5. Nf3 exd4 6. Qxd4 c6 7. Be3 d5 8. e5 Ng4 9. Bg1 Bc5 10. Qd2 Bxg1 11. Rxg1 Qb6 12. Na4 Qe3+ 13. Qxe3 Nxe3 14. Bd3 b5 15. Nc3 Nc5 16. Kd2 Nc4+ 17. Bxc4 dxc4 18. Ke3 g6 19. Rad1 Ke7 20. Rd6 Bd7 21. Rgd1 Rhd8 22. Ng5 Nb7 23. R6d2 Bf5 24. Rxd8 Nxd8 25. Rd2 Nb7 26. h3 h5 27. Nce4 Bxe4 28. Nxe4 a5 29. Nf6 Rd8 30. Rxd8 Nxd8 31. g4 hxg4 32. hxg4 Ne6 33. f5 Nc5 34. Kd4 Na4 35. b3 cxb3 36. cxb3 c5+ 37. Kd3 Nb6 38. Ke4 gxf5+ 39. gxf5 c4 40. bxc4 Nxc4 41. Kd4 Nd2 42. Ne4 Nf3+ 43. Kd5 b4 44. f6+ Kf8 45. Nc5 Ke8 46. Ke4 Ng5+ 47. Kd4 Nf3+ 48. Kd5 Ng5 49. Kc4 Nf3 50. Kb5 Nxe5 51. Kxa5 Ng4 52. Ne4 Kd7 53. Kxb4 Ke6 54. a4 Kd5 55. Ng5 Nxf6 56. Kb5 Kd6 57. Nxf7+ Kc7 58. a5 Kb8 59. a6 Nd5 60. Nd8 Nc7+ 1/2-1/2

[Event "SC 1868 Bamberg 1-SG PS Regensburg 1"]
[Site "?"]
[Date "2024.04.14"]
[Round "8.5"]
[White "Hitzler, Philipp"]
[Black "Ploehn, Heiko"]
[Result "1-0"]
[WhiteElo "2229"]
[BlackElo "2118"]
[PlyCount "75"]
[EventDate "2024.??.??"]
[WhiteTeam "SG PS Regensburg 1"]
[BlackTeam "SC 1868 Bamberg 1"]

1. d4 c5 2. d5 g6 3. e4 Bg7 4. Nf3 d6 5. Bb5+ Nd7 6. a4 a6 7. Be2 Ngf6 8. Nbd2 Rb8 9. a5 O-O 10. O-O Qc7 11. Re1 b5 12. axb6 Nxb6 13. c3 a5 14. h3 e6 15. dxe6 Bxe6 16. Rxa5 d5 17. exd5 Nbxd5 18. Qa4 Nf4 19. Bc4 N6d5 20. Qa3 Rfc8 21. Ng5 Bf5 22. Ra7 Rb7 23. Rxb7 Qxb7 24. Nde4 h6 25. Nd6 Qc6 26. Ngxf7 Kh7 27. Bb5 Qc7 28. Qa4 Rf8 29. Bxf4 Nxf4 30. Qxf4 Rxf7 31. Qg3 Re7 32. Rxe7 Qxe7 33. Nxf5 Qe1+ 34. Bf1 gxf5 35. Qf3 Qb1 36. g3 Kg6 37. g4 Qe4 38. gxf5+ 1-0

[Event "SC 1868 Bamberg 1-SG PS Regensburg 1"]
[Site "?"]
[Date "2024.04.14"]
[Round "8.6"]
[White "Mittag, Ralf"]
[Black "Wutz, Christoph"]
[Result "1-0"]
[WhiteElo "2113"]
[BlackElo "2174"]
[PlyCount "85"]
[EventDate "2024.??.??"]
[WhiteTeam "SC 1868 Bamberg 1"]
[BlackTeam "SG PS Regensburg 1"]

1. Nf3 d5 2. g3 Nf6 3. Bg2 c6 4. d3 g6 5. Nbd2 Bg7 6. O-O O-O 7. e4 dxe4 8. dxe4 Qc7 9. Re1 e5 10. b3 Rd8 11. Bb2 Nfd7 12. Qe2 Nf8 13. Nc4 Nbd7 14. Ba3 Nb6 15. Ne3 a5 16. Rad1 Be6 17. Rd2 a4 18. Rxd8 Rxd8 19. Rd1 Bc8 20. Rd3 axb3 21. axb3 Ne6 22. Qd2 Rxd3 23. Qxd3 Nd4 24. Nd2 Be6 25. Bf1 Qd7 26. Bc5 Qc7 27. c3 Nb5 28. Nec4 Nd7 29. Be3 Bf8 30. b4 f5 31. Bh3 Bg7 32. exf5 gxf5 33. Bxf5 Bxf5 34. Qxf5 Nxc3 35. Qe6+ Kh8 36. Nd6 h6 37. Ne8 Qd8 38. Bxh6 Bf6 39. Nd6 Qe7 40. Qh3 Kg8 41. Qg4+ Kh8 42. Qh5 Kg8 43. Qg6+ 1-0

[Event "SC 1868 Bamberg 1-SG PS Regensburg 1"]
[Site "?"]
[Date "2024.04.14"]
[Round "8.7"]
[White "Werner, Claus"]
[Black "Wichmann, Adrian"]
[Result "1-0"]
[WhiteElo "2141"]
[BlackElo "2084"]
[PlyCount "71"]
[EventDate "2024.??.??"]
[WhiteTeam "SG PS Regensburg 1"]
[BlackTeam "SC 1868 Bamberg 1"]

1. d4 Nf6 2. c4 g6 3. Nc3 d5 4. Nf3 Bg7 5. Bf4 c5 6. e3 cxd4 7. exd4 O-O 8. h3 Nc6 9. Rc1 dxc4 10. Bxc4 Na5 11. Be2 Be6 12. O-O Rc8 13. Bh2 Bc4 14. Re1 e6 15. Nb5 Qb6 16. Nd6 Bxe2 17. Qxe2 Rc6 18. Rxc6 Nxc6 19. Be5 Rd8 20. Nxf7 Nxe5 21. N7xe5 Nd5 22. Nc4 Qa6 23. Qxe6+ Qxe6 24. Rxe6 b5 25. Rd6 Rb8 26. Nce5 Nf4 27. g3 Ne2+ 28. Kf1 Nc1 29. a3 a5 30. Nc6 Ra8 31. Nfe5 Nb3 32. Ke2 b4 33. a4 Re8 34. Kd3 Nc1+ 35. Kc4 Ne2 36. Rd8 1-0

[Event "SC 1868 Bamberg 1-SG PS Regensburg 1"]
[Site "?"]
[Date "2024.04.14"]
[Round "8.8"]
[White "Herrmann, Jens"]
[Black "Gruber, Roland"]
[Result "1/2-1/2"]
[WhiteElo "2047"]
[BlackElo "2093"]
[PlyCount "77"]
[EventDate "2024.??.??"]
[WhiteTeam "SC 1868 Bamberg 1"]
[BlackTeam "SG PS Regensburg 1"]

1. Nc3 Nf6 2. e4 d6 3. d4 c6 4. Bg5 Nbd7 5. f4 Qa5 6. Qd2 e5 7. Nf3 Be7 8. Bd3 O-O 9. O-O-O h6 10. Bh4 Qc7 11. g4 exd4 12. Nxd4 Nc5 13. g5 Nh7 14. Nf5 hxg5 15. fxg5 Nxd3+ 16. Qxd3 Bxg5+ 17. Bxg5 Nxg5 18. h4 Ne6 19. Rdg1 d5 20. exd5 Qf4+ 21. Kb1 cxd5 22. Nxd5 Qf2 23. Nde7+ Kh8 24. Qc3 Qc5 25. Qg3 g6 26. Nxg6+ fxg6 27. Qxg6 Qxf5 28. Qh6+ Qh7 29. Qe3 Rg8 30. Qe5+ Rg7 31. h5 Kg8 32. h6 Rxg1+ 33. Rxg1+ Kf7 34. Rf1+ Ke8 35. Qh5+ Ke7 36. Qh4+ Ke8 37. Qh5+ Ke7 38. Qh4+ Ke8 39. Qh5+ 1/2-1/2

[Event "SC Groebenzell 1-TSV Trostberg 1"]
[Site "?"]
[Date "2024.04.14"]
[Round "8.1"]
[White "Weiss, Christian"]
[Black "Schuster, Karsten"]
[Result "1/2-1/2"]
[WhiteElo "2343"]
[BlackElo "2305"]
[PlyCount "71"]
[EventDate "2024.??.??"]
[WhiteTeam "TSV Trostberg 1"]
[BlackTeam "SC Gröbenzell 1"]

1. Nf3 d5 2. g3 Nf6 3. Bg2 c6 4. O-O g6 5. d3 Bg7 6. Nbd2 O-O 7. e4 Bg4 8. h3 Bxf3 9. Qxf3 Nbd7 10. Qe2 e5 11. Rd1 Qc7 12. a4 Rfe8 13. Nb3 Rad8 14. c3 dxe4 15. dxe4 Nb6 16. Rxd8 Rxd8 17. a5 Nc8 18. Be3 Bf8 19. f3 Qd7 20. Bf1 Be7 21. Kh2 Kg7 22. Qf2 a6 23. Bc4 Nd6 24. Be2 Nb5 25. Bc4 Nd6 26. Nc5 Qc8 27. Be2 Nd7 28. Nxd7 Qxd7 29. Bb6 Re8 30. Rd1 Qe6 31. Bd3 Bd8 32. Bc5 Bc7 33. Qe2 Rd8 34. Bxd6 Qxd6 35. b4 Bb8 36. Bc2 1/2-1/2

[Event "SC Groebenzell 1-TSV Trostberg 1"]
[Site "?"]
[Date "2024.04.14"]
[Round "8.2"]
[White "Hoy, Bernd"]
[Black "Hinterreiter, Markus"]
[Result "0-1"]
[WhiteElo "2187"]
[BlackElo "2298"]
[PlyCount "60"]
[EventDate "2024.??.??"]
[WhiteTeam "SC Gröbenzell 1"]
[BlackTeam "TSV Trostberg 1"]

1. e4 d5 2. d4 dxe4 3. Nc3 Nf6 4. f3 Bf5 5. g4 Bg6 6. g5 Nd5 7. Nxe4 e6 8. c4 Nb4 9. Be3 c5 10. dxc5 Qxd1+ 11. Rxd1 Bxe4 12. fxe4 Nc2+ 13. Kf2 Nxe3 14. Kxe3 Bxc5+ 15. Kf4 h6 16. Nf3 Nc6 17. gxh6 Rxh6 18. e5 f6 19. Bd3 fxe5+ 20. Kg4 Ke7 21. Be4 Rf8 22. Bxc6 Rf4+ 23. Kg3 Rg6+ 24. Kh3 Rh6+ 25. Kg3 Rg6+ 26. Kh3 bxc6 27. Nxe5 Rg5 28. Rhf1 Bf2 29. Nxc6+ Kf6 30. Rd4 Rf3# 0-1

[Event "SC Groebenzell 1-TSV Trostberg 1"]
[Site "?"]
[Date "2024.04.14"]
[Round "8.3"]
[White "Knoll, Hermann"]
[Black "Grawe, Christian"]
[Result "1-0"]
[WhiteElo "2206"]
[BlackElo "2197"]
[PlyCount "63"]
[EventDate "2024.??.??"]
[WhiteTeam "TSV Trostberg 1"]
[BlackTeam "SC Gröbenzell 1"]

1. Nf3 d5 2. b3 Nf6 3. Bb2 e6 4. g3 c5 5. Bg2 Nc6 6. O-O Be7 7. c4 O-O 8. e3 b6 9. Qe2 Bb7 10. Nc3 a6 11. d3 Ra7 12. Rfd1 Qb8 13. cxd5 exd5 14. d4 Rd8 15. Rac1 Ne4 16. dxc5 Nxc3 17. Bxc3 bxc5 18. Qb2 Bf8 19. Nh4 d4 20. exd4 cxd4 21. Bxd4 Nxd4 22. Rxd4 Bxg2 23. Rxd8 Qxd8 24. Nxg2 g6 25. Ne3 Rd7 26. Qe2 a5 27. Qa6 Kg7 28. Rc8 Qg5 29. Qa8 Bb4 30. h4 Qh5 31. Rg8+ Kh6 32. Qe4 1-0

[Event "SC Groebenzell 1-TSV Trostberg 1"]
[Site "?"]
[Date "2024.04.14"]
[Round "8.4"]
[White "Kempter, Ronald"]
[Black "Mostbauer, Florian"]
[Result "0-1"]
[WhiteElo "2167"]
[BlackElo "2318"]
[PlyCount "82"]
[EventDate "2024.??.??"]
[WhiteTeam "SC Gröbenzell 1"]
[BlackTeam "TSV Trostberg 1"]

1. Nf3 d5 2. g3 Nf6 3. Bg2 Bg4 4. d3 Nbd7 5. c4 c6 6. O-O dxc4 7. dxc4 Qc7 8. Nbd2 e5 9. Qc2 Bc5 10. b3 O-O-O 11. a3 Rhe8 12. e3 h6 13. b4 e4 14. bxc5 exf3 15. Nxf3 Bxf3 16. Bxf3 Ne5 17. Bg2 Qa5 18. Rb1 Qxc5 19. Bb2 Qxc4 20. Qf5+ Qe6 21. Qc2 Nc4 22. Rfc1 Rd2 23. Qxc4 Rd1+ 24. Rxd1 Qxc4 25. Bd4 Qa4 26. Bh3+ Kb8 27. Rdc1 Rd8 28. Be5+ Ka8 29. Rb4 Qxa3 30. Rcb1 b6 31. Bg2 Kb7 32. Rc4 Nd5 33. Bxg7 Rd6 34. Rbc1 Qb3 35. e4 Nb4 36. e5 Rd1+ 37. Bf1 Rxc1 38. Rxc1 Qe6 39. Bg2 a5 40. f4 Qb3 41. Kh1 Qe3 0-1

[Event "SC Groebenzell 1-TSV Trostberg 1"]
[Site "?"]
[Date "2024.04.14"]
[Round "8.5"]
[White "Huch, Reiner"]
[Black "Pieper, Thomas"]
[Result "1-0"]
[WhiteElo "2206"]
[BlackElo "2156"]
[PlyCount "85"]
[EventDate "2024.??.??"]
[WhiteTeam "TSV Trostberg 1"]
[BlackTeam "SC Gröbenzell 1"]

1. d4 Nf6 2. Nf3 g6 3. c4 Bg7 4. Nc3 O-O 5. e4 d6 6. h3 c5 7. Be2 cxd4 8. Nxd4 Nc6 9. Be3 Bd7 10. O-O Rc8 11. Qd2 Nxd4 12. Bxd4 Bc6 13. Rfd1 Re8 14. Qe3 b6 15. e5 Nd7 16. e6 fxe6 17. Qxe6+ Kh8 18. Bxg7+ Kxg7 19. Qe3 Nf6 20. b3 Qc7 21. Rac1 Qb7 22. Bf1 Rcd8 23. Rd2 e5 24. Rcd1 Qc7 25. Rd3 Nh5 26. g3 Rf8 27. Bg2 Bxg2 28. Kxg2 Nf6 29. Kh2 a6 30. R1d2 Qc6 31. Nd5 b5 32. Nxf6 Rxf6 33. c5 e4 34. Rd5 Rdf8 35. Rxd6 Rxd6 36. cxd6 Qc1 37. d7 Rd8 38. Qd4+ Kf7 39. Qd5+ Kg7 40. Qd6 Qe1 41. Qe7+ Kh6 42. Qxd8 Qxd2 43. Qf8+ 1-0

[Event "SC Groebenzell 1-TSV Trostberg 1"]
[Site "?"]
[Date "2024.04.14"]
[Round "8.6"]
[White "Zentgraf, Alexander"]
[Black "Kern, Johannes"]
[Result "1-0"]
[WhiteElo "2106"]
[BlackElo "2148"]
[PlyCount "133"]
[EventDate "2024.??.??"]
[WhiteTeam "SC Gröbenzell 1"]
[BlackTeam "TSV Trostberg 1"]

1. d4 d5 2. c4 e6 3. Nc3 Nf6 4. cxd5 exd5 5. Bg5 c6 6. e3 h6 7. Bh4 Be7 8. Bd3 O-O 9. Qc2 Re8 10. Nge2 Nbd7 11. O-O a5 12. f3 b5 13. Bf2 Ba6 14. h3 b4 15. Na4 Bxd3 16. Qxd3 Rc8 17. Rac1 c5 18. dxc5 Nxc5 19. Nxc5 Bxc5 20. Nd4 Qb6 21. Rfd1 Bxd4 22. exd4 Nd7 23. Qf5 Qe6 24. Qxe6 fxe6 25. Bg3 Nb6 26. b3 Na8 27. Be5 Kf7 28. Kf2 g6 29. g4 Ke7 30. h4 h5 31. gxh5 gxh5 32. Rg1 Rxc1 33. Rxc1 Nb6 34. Rc7+ Nd7 35. Ra7 Rc8 36. Bc7 Ke8 37. Ke3 Nf8 38. Kf4 Ng6+ 39. Kg5 Ne7 40. Be5 Nc6 41. Rh7 Nxe5 42. dxe5 Rc3 43. Kf6 Rxf3+ 44. Kxe6 d4 45. Ra7 Kf8 46. Rxa5 d3 47. Rd5 Rh3 48. Kd7 Rxh4 49. e6 Re4 50. Rxd3 h4 51. Rf3+ Kg7 52. e7 Rd4+ 53. Ke6 Re4+ 54. Kd6 Rd4+ 55. Kc5 Re4 56. Rf4 Rxf4 57. e8=Q Kf6 58. Qh8+ Kg5 59. Qg7+ Kf5 60. Kd5 Rg4 61. Qf7+ Kg5 62. Ke5 Rg3 63. Qf4+ Kh5 64. Qxb4 h3 65. Qf8 Rg5+ 66. Kf4 Rg4+ 67. Kf3 1-0

[Event "SC Groebenzell 1-TSV Trostberg 1"]
[Site "?"]
[Date "2024.04.14"]
[Round "8.7"]
[White "Hofstadler, Mario"]
[Black "Golder, Waldemar"]
[Result "1/2-1/2"]
[WhiteElo "2107"]
[BlackElo "2029"]
[PlyCount "75"]
[EventDate "2024.??.??"]
[WhiteTeam "TSV Trostberg 1"]
[BlackTeam "SC Gröbenzell 1"]

1. d4 Nf6 2. c4 c6 3. Nf3 d5 4. cxd5 cxd5 5. Nc3 Nc6 6. Bf4 a6 7. e3 Bg4 8. h3 Bxf3 9. Qxf3 e6 10. Bd3 Be7 11. O-O O-O 12. Rac1 Rc8 13. Qd1 b5 14. a4 b4 15. Nb1 Qb6 16. Qe2 a5 17. Nd2 Rfd8 18. Ba6 Ra8 19. Bb5 Rac8 20. Nb3 Ne4 21. Rc2 Na7 22. Rfc1 Rxc2 23. Rxc2 Rc8 24. Rxc8+ Nxc8 25. Qc2 Ncd6 26. f3 Nf6 27. Bxd6 Bxd6 28. Qc8+ Bf8 29. Qc6 Qa7 30. f4 Ne4 31. Bd3 Nd6 32. Nc5 Be7 33. b3 g6 34. Nd7 Kg7 35. Ne5 f6 36. Nf3 Qb7 37. Qc2 Qc8 38. Qxc8 1/2-1/2

[Event "SC Groebenzell 1-TSV Trostberg 1"]
[Site "?"]
[Date "2024.04.14"]
[Round "8.8"]
[White "Foessmeier, Ulrich Johann"]
[Black "Reisser, Simon"]
[Result "1/2-1/2"]
[WhiteElo "2162"]
[BlackElo "1956"]
[PlyCount "73"]
[EventDate "2024.??.??"]
[WhiteTeam "SC Gröbenzell 1"]
[BlackTeam "TSV Trostberg 1"]

1. d4 d5 2. c3 c5 3. Bf4 Nc6 4. e3 Nf6 5. Nd2 Bf5 6. Ngf3 Qb6 7. Qb3 c4 8. Qxb6 axb6 9. a3 b5 10. Rc1 h6 11. h3 e6 12. Be2 Be7 13. O-O O-O 14. Rfe1 Rfe8 15. Ne5 Nxe5 16. Bxe5 Nd7 17. Bg3 Nb6 18. Bd1 Bd3 19. Bc2 Bxc2 20. Rxc2 Na4 21. Kf1 Rad8 22. Ke2 Bd6 23. Bxd6 Rxd6 24. Kd1 f6 25. Kc1 Kf7 26. Nf3 e5 27. dxe5 fxe5 28. Rd1 Nc5 29. Ne1 Nb3+ 30. Kb1 d4 31. cxd4 exd4 32. Nf3 d3 33. Rc3 Rc6 34. Nd2 Nc5 35. b3 Ne4 36. Nxe4 Rxe4 37. a4 1/2-1/2

[Event "SK Kriegshaber 1-SK Weilheim 1"]
[Site "?"]
[Date "2024.04.14"]
[Round "8.1"]
[White "Guttenthaler, Franz"]
[Black "Demel, Paul"]
[Result "1/2-1/2"]
[WhiteElo "2300"]
[BlackElo "2108"]
[PlyCount "51"]
[EventDate "2024.??.??"]
[WhiteTeam "SK Weilheim 1"]
[BlackTeam "SK Kriegshaber 1"]

1. Nf3 d5 2. e3 Nf6 3. c4 e6 4. b3 b6 5. Bb2 Bb7 6. Nc3 a6 7. cxd5 exd5 8. d4 Bd6 9. g3 Nbd7 10. Bg2 O-O 11. O-O Qe7 12. Re1 Rfe8 13. Rc1 Rad8 14. Re2 Qf8 15. Rec2 g6 16. Nd2 h5 17. Nc4 Bb4 18. Ne2 c6 19. Nd2 Ne4 20. Nxe4 dxe4 21. Nc3 Nf6 22. Qe2 Qh6 23. h3 h4 24. g4 Re6 25. Nb1 Nd5 26. a3 1/2-1/2

[Event "SK Kriegshaber 1-SK Weilheim 1"]
[Site "?"]
[Date "2024.04.14"]
[Round "8.2"]
[White "Kudrytsky, Stanislav"]
[Black "Deglmann, Ludwig"]
[Result "1-0"]
[WhiteElo "2055"]
[BlackElo "2208"]
[PlyCount "67"]
[EventDate "2024.??.??"]
[WhiteTeam "SK Kriegshaber 1"]
[BlackTeam "SK Weilheim 1"]

1. d4 f5 2. g3 Nf6 3. Bg2 g6 4. Nf3 Bg7 5. c4 O-O 6. Nc3 b6 7. Ne5 c6 8. b4 Bb7 9. c5 Kh8 10. Qb3 Qe8 11. Nc4 bxc5 12. bxc5 Ba6 13. O-O Qf7 14. Ne5 Qxb3 15. axb3 Bb7 16. Bf4 Nh5 17. e3 Nxf4 18. gxf4 d6 19. cxd6 exd6 20. Nc4 d5 21. Na5 Ba6 22. Rfc1 Rd8 23. Nxc6 Nxc6 24. Rxa6 Nb4 25. Ra4 Bf8 26. Na2 a5 27. Nxb4 Bxb4 28. Rc6 Kg7 29. Ra2 Ra7 30. Rac2 Rad7 31. Rc7 Kf6 32. R2c6+ Ke7 33. Rxd7+ Rxd7 34. Kf1 1-0